000 01323nam a2200301 i 4500
001 bg
245 0 0 _aUkład stabilizacji toru jazdy ESP :
_binformator techniczny Bosch wydanie 2000/2001 /
_c[tł. z jęz. niem. Andrzej Reński].
246 _iTyt. oryg.:
_aElektronisches Stabilitäts-Programm ESP
260 _aWarszawa :
_bWydawnictwa Komunikacji i Łączności,
_c2000.
300 _a63 s. :
_bil. ;
_c30 cm.
490 1 _aElektroniczne Układy Bezpieczeństwa Samochodów Osobowych
500 _aTyt. oryg.: "Elektronisches Stabilitäts-Programm ESP" 2000. - U góry okł. błędna nazwa serii, prawidłowa nazwa w err. - Opis wg okł.
650 9 _aKomunikacja drogowa
_xbezpieczeństwo
_xbadanie
650 9 _aRuch
_xmechanika
650 9 _aSamochody
_xelektronika
650 9 _aSamochody
_xmechanika
650 9 _aSamochody
_xurządzenia
_xbezpieczeństwo
700 1 _aREŃSKI, Andrzej.
_eTł.
830 _aElektroniczne Układy Bezpieczeństwa Samochodów Osobowych
020 _a8320613655
040 _cBPK
041 1 _apol
_hger
080 _a656.1.004.15:629.33:621.3
920 _a83-206-1365-5
942 _cKA
008 s pl f |000 0 pol
999 _c35093
_d35093
856 _uhttp://koha.tu.koszalin.pl/cgi-bin/koha/opac-detail.pl?biblionumber=35093
_yKatalog online BPK